[Event "Dundee & Angus op Major"]
[Site "Dundee"]
[Date "2014.10.11"]
[Round "2"]
[White "Young, Colin"]
[Black "Adams, David J"]
[Result "1/2-1/2"]
[WhiteElo "1340"]
[BlackElo "1478"]
[PlyCount "68"]
[EventDate "2014.10.10"]
[EventType "swiss"]
[EventRounds "5"]
[EventCountry "SCO"]
[SourceTitle "EXT 2017"]
[Source "ChessBase"]
[SourceDate "2016.10.25"]
[SourceVersion "1"]
[SourceVersionDate "2016.10.25"]
[SourceQuality "1"]

1. c4 c5 2. Nc3 Nf6 3. Nf3 Nc6 4. g3 g6 5. Bg2 Bg7 6. 0-0 0-0 7. Re1 d6 8. d4 cxd4 9. Nxd4 Nxd4 10. Qxd4 Nd7 11. Qd2 Ne5 12. b3 Nc6 13. Rd1 Be6 14. Bb2 Qc8 15. Rab1 Bf5 16. Ne4 h6 17. Bxg7 Kxg7 18. Rb2 Ne5 19. Qd4 f6 20. Nc3 Re8 21. Nd5 Nf7 22. Ne3 Bd7 23. Rbd2 Bc6 24. Nd5 Nd8 25. Rd3 Bxd5 26. Bxd5 Nc6 27. Qc3 Ne5 28. Re3 Rb8 29. Rd4 Nc6 30. Rde4 e5 31. Rd3 Qc7 32. Qd2 Rbd8 33. Rde3 Rf8 34. a4 Qd7 1/2-1/2

[Event "Dundee & Angus Major"]
[Site "Dundee"]
[Date "2013.10.11"]
[Round "1"]
[White "Young, Colin"]
[Black "Pearston, John M"]
[Result "0-1"]
[WhiteElo "1317"]
[BlackElo "1500"]
[PlyCount "78"]
[EventDate "2013.10.11"]
[EventType "swiss"]
[EventRounds "5"]
[EventCountry "SCO"]
[SourceTitle "EXT 2023"]
[Source "ChessBase"]
[SourceDate "2022.10.05"]
[SourceVersion "1"]
[SourceVersionDate "2022.10.05"]
[SourceQuality "1"]

1. d4 d5 2. e3 Nf6 3. Bd3 e6 4. Nc3 c5 5. Nf3 Nc6 6. Ne5 Be7 7. 0-0 cxd4 8. Nxc6 bxc6 9. exd4 0-0 10. Ne2 Qb6 11. c3 c5 12. Qc2 c4 13. Bxc4 dxc4 14. h3 Bb7 15. Be3 Be4 16. Qd1 Qxb2 17. Bd2 Bd3 18. f3 Nd5 19. Re1 Bxe2 20. Qxe2 Nxc3 21. Bxc3 Qxc3 22. Red1 Rac8 23. Rac1 Qb4 24. Rb1 Qa4 25. Rdc1 c3 26. Rb3 Qxd4+ 27. Kh1 Bg5 28. Rc2 Bd2 29. a3 Qa4 30. Qb5 Qxb5 31. Rxb5 Rb8 32. Rc5 Rfc8 33. Rxc8+ Rxc8 34. Kh2 Rb8 35. Ra2 Rb2 36. Ra1 c2 37. a4 Rb1 38. Ra3 c1Q 39. Rd3 Bf4+ 0-1